Diseño de procedimientos seguros para trabajos en altura en la construcción de naves industriales
Guardado en:
| Autor principal: | |
|---|---|
| Formato: | Libro |
| Publicado: |
San José, C.R.
1999
|
| Materias: | |
| Etiquetas: |
Agregar Etiqueta
Sin Etiquetas, Sea el primero en etiquetar este registro!
|
MARC
| LEADER | 00000nam a2200000Ia 4500 | ||
|---|---|---|---|
| 003 | 004289 | ||
| 005 | 20221231144221.0 | ||
| 008 | 140114s1999 cr a m 000 ||s d | ||
| 040 | |c cru CEDI | ||
| 090 | |a TFG 3908 | ||
| 100 | |a Rodríguez León, Randall |9 8903 | ||
| 245 | |a Diseño de procedimientos seguros para trabajos en altura en la construcción de naves industriales | ||
| 260 | |c 1999 |a San José, C.R. | ||
| 300 | |a vii, 141 páginas : ilustraciones | ||
| 500 | |a Proyecto de graduación (licenciatura en ingeniería civil)--Universidad de Costa Rica. Escuela de Ingeniería Civil | ||
| 650 | |x CONSTRUCCION - MEDIDAS DE SEGURIDAD |x ACCIDENTES - PREVENCION |x ESTRUCTURAS METALICAS - DISEÑO Y CONSTRUCCION |9 8904 | ||
| 942 | |c TFG | ||
| 999 | |c 18585 |d 18585 | ||
